| 000 | 01115cam a22002651i 4500 | ||
|---|---|---|---|
| 003 | SA-RiAUC | ||
| 005 | 20250313104344.0 | ||
| 008 | 250311s1963 le g b 000 0 ara c | ||
| 040 |
_aSA-RiAUC _bara _cSA-RiAUC _erda |
||
| 082 | 0 | 4 |
_a810.99 _qSA-RiAUC |
| 090 |
_a810.99 _bم ك ي |
||
| 100 | 1 |
_aمكي، محمد كاظم _eمؤلف. |
|
| 245 | 1 | 2 |
_aالحركة الفكرية والأدبية في جبل عامل / _cبقلم محمد كاظم مكي ؛ قدم له فؤاد أفرام البستاني. |
| 264 | 1 |
_aبيروت : _bدار الأندلس، _c1963 |
|
| 300 |
_a285 صفحة ؛ _c24 سم |
||
| 336 |
_aنص _btxt _2rdacontent _3كتاب |
||
| 337 |
_aبدون وسيط _bn _2rdamedia |
||
| 338 |
_aمجلد _bnc _2rdacarrier |
||
| 504 | _aببليوجرافية : صفحة 276-280. | ||
| 504 | _aيشتمل على إرجاعات ببليوجرافية. | ||
| 650 | 7 |
_aالأدب العربي _zلبنان _xتاريخ ونقد _yقرن 20 _2aucsh |
|
| 700 | 1 |
_aالبستاني، فؤاد أفرام، _d1904-1994 _eمقدم. |
|
| 942 |
_2ddc _cBOOK _n0 |
||
| 949 |
_aSA-JeALM _d250311 _umohamedma123 _n1 |
||
| 999 |
_c6377 _d6377 |
||